00554nam a2200193 a 450000100060000000300090000600800410001501500210005602000180007704000280009508200160012310000270013924500500016625000120021626000340022830000200026249000440028265000340032623440CO-ViMGA141112s2004 ck r 000 u spa d ack - 2008 - xxxx a9789584218605 aCO-ViMGAbspacCO-ViMGA04a863.6 R849j1 aRuíz Zafón, Carlos10aEl juego del ángel / cCarlos Ruiz Zafón. a1a. ed. aBogotá : bPlaneta, c2008. a667 p. ; 23 cm. aAutores españoles e iberoAméricanos14aNovela española - Siglo XXI